000 00607nam a2200205 a 4500
999 _c385
_d385
003 PK-NaQUE
005 20250616171724.0
008 250616b ||||| |||| 00| 0 eng d
020 _a0070119503 (hardcover)
020 _a9780070119505 (hardcover)
040 _cDownload eBook
100 1 _aChapman, Stephen J.
245 1 0 _aElectric Machinery Fundamentals /
250 _a3rd ed.
260 _a[S.l.] :
_bMcGraw-Hill Science/Engineering/Math,
_c1998.
300 _a744 p. ;
650 _aElectrical Machines
856 4 0 _uhttp://10.10.170.122:8080/browse/book/1822
_yDownload eBook
942 _cBK
_2ddc